| 000 | 00830nas a2200241 4500 | ||
|---|---|---|---|
| 001 | BR9206979 | ||
| 003 | BR-BrBNA | ||
| 005 | 20231205100442.0 | ||
| 007 | ta | ||
| 008 | 230509b bl.|||p| |||| 00| 00por d | ||
| 040 |
_aBR-BrBNA _bpor _cBiblioteca Nacional de Agricultura |
||
| 041 | _a(Pt) | ||
| 072 | _aH50 | ||
| 100 | 1 | _aLima, A.M.L.P. | |
| 100 | 1 | _aHaag, P.H. | |
| 245 | 1 | _aNutricao mineral de plantas ornamentais 12. Deficiencia de N, P, Ca, Mg, S e B em crisantemo (Chrysanthemum morifolium cv. Golden Polaris) | |
| 650 | _aCrisantemo | ||
| 650 | _aDeficiencia Nutricional | ||
| 650 | _aNutriente Mineral | ||
| 773 | 0 |
_tAnais da Escola Superior de Agricultura Luiz de Queiroz (Brazil) _xISSN 0071-1276 _g(1987), v. 44(2) p. 1001-1024 _wBR9206979 |
|
| 909 |
_a202311 _bLúcia _c55 _dLúcia Elande |
||
| 942 |
_2AGRIS _n0 _cANA |
||
| 999 |
_c156105 _d156105 |
||